000 00293nam a22001337a 4500
008 170926b xxu||||| |||| 00| 0 eng d
020 _a9781305107922
041 _aeng
080 _22 ED
_a37
100 _a46
101 _aEDU
245 _aFORENSIC SCIENCE
_cBERTINO,B
942 _2udc
_cBK
999 _c30089
_d30089